000 00920nam a2200277 a 4500
001 BRCA_7929
005 20190320210045.0
008 070314s1972----mx-a###f##---#001-0#spa-#
041 _aspa
044 _amx
050 4 _aND258
_b.C36
_c1972
100 1 _aCarrillo y Gariel, Abelardo
_91363
245 1 0 _aAutógrafos de pintores coloniales
_cAbelardo Carrillo y Gariel.
250 _a2
260 _aMéxico
_bUNAM
_c1972
300 _a177 p.
_bil.
_c24 cm.
500 _a306
500 _aEjemplar igual a número de sistema 2031 del Fondo Contemporáneo
500 _aVer también F59 (ed. 1953)
500 _aObra publicada por el Instituto de Investigaciones Estéticas de la UNAM
650 1 4 _aAutógrafos y firmas
_vPintores
_zMéxico
_919621
650 1 4 _aPintores mexicanos
_vépoca colonial
_919622
710 2 _aInstituto de Investigaciones Estéticas (UNAM)
_919623
902 _aGFM
942 _2lcc
_cB
999 _c7599
_d7599